000 00874nmm a2200301 a 4500
003 AR-BaBNM
005 20251128204622.0
008 167019s1992 ||||||||||||||000 | spa||
020 _a950-99906-0-4
040 _cAR-BaBNM
100 1 _aRodríguez, Adolfo Enrique
245 1 0 _aCiencias auxiliares de la historia
250 _a1ª ed.
260 _aBuenos Aires
_bInstituto Bonaerense de Numismática y Antigüedades
_c1992
300 0 _a293 p.
_bil.,tablas, láms.
500 0 _aContiene índice de grabados y figuras p. 283-286
504 _aBibliografía para consultar p. 275-281
650 4 _aHERALDICA
650 4 _aPALEOGRAFIA
650 4 _aGENEALOGIA
650 4 _aINVESTIGACION EN CIENCIAS SOCIALES
650 4 _aHISTORIADORES
650 4 _aCRONOLOGIA
650 4 _aHISTORIOGRAFIA
653 0 _aDIPLOMATICA
942 _cBK
998 _cmariana
999 _c8121
_d8121